000
00208nam a22000977a 4500
003
OSt
008
210113b ||||| |||| 00| 0 eng d
100
_a
M. R. B
_9
4811
245
_a
Kinavil oru yathra
942
_c
BK
999
_c
16412
_d
16412